| 000 | 00573nam a2200217Ia 4500 | ||
|---|---|---|---|
| 008 | 171120s9999 xx 000 0 und d | ||
| 020 | _a9.7897103283e+012 | ||
| 050 | _a499.21 | ||
| 050 | _bN532 2014 | ||
| 245 | 4 | _aThe new comprehensive English-Filipino dictionary / | |
| 260 | _aPhilippine : | ||
| 260 | _bBrainworld Publishing Group, | ||
| 260 | _c2014 | ||
| 300 | _a893 pages : | ||
| 300 | _billustrations ; | ||
| 300 | _c28cm. | ||
| 650 | _aEnglish language -- | ||
| 650 | _aEnglish language. | ||
| 650 | _xDictionaries -- Filipino. | ||
| 700 | _aTitle. | ||
| 999 |
_c345145 _d345145 |
||